00441cam a22001457a 4500008004000000020001500040082001800055245007500073260003700148300001000185650003400195650002300229700002300252700002000275180718b2000 xxu||||| |||| 00| 0 eng d a0631221840 aB1243x54 M348 aReligion and democracycedited by David Marquand and Ronald L. Nettler aOxfordbOxford Univ. Pressc2000 a145p. aDemocracy - Religious aspects aSecularism - India aNettler, Ronald L. aMarquand, David